Placez les pays d'Europe sur une carte sans frontières - Mort subite - Statistiques

Statistiques générales
  • Ce quiz a été pris 971 101 fois
  • Le résultat moyen est 7 sur 45
Réponses sur la Carte
Les réponses sont colorées sur une échelle allant du rouge au vert en fonction du pourcentage des utilisateurs qui les ont devinées à leur premier essai. Vous pouvez retrouver ces pourcentages ci-dessous.
 
Statistiques - réponses
Country % Correct
Espagne
27%
France
27%
Italie
27%
Portugal
27%
Royaume- Uni
27%
Irlande
26%
Russie
26%
Allemagne
25%
Islande
25%
Grèce
24%
Danemark
23%
Suède
23%
Norvège
22%
Finlande
21%
Pays-Bas
20%
Pologne
19%
Suisse
19%
Ukraine
19%
Belgique
18%
Malte
16%
Biélorussie
14%
Estonie
14%
Monaco
14%
Austriche
13%
Croatie
13%
Roumanie
13%
Andorre
12%
Lettonie
12%
Albanie
11%
Bulgarie
11%
Lituanie
11%
Luxembourg
11%
R. tchèque
11%
Vatican
10%
Bosnie
9%
Saint-Marin
9%
Slovénie
9%
Hongrie
8%
Moldavie
8%
Serbie
8%
Liechtenstein
7%
Macédoine du Nord
7%
Slovaquie
7%
Kosovo
6%
Monténégro
6%
Aucun quiz correspondant
Distribution des résultats
% des personnes avec chaque résultat
Percentile par nombre de réponses
Votre historique - résultats
Vous n’avez pas pris ce quiz